SNL - Men Playing Women Quiz Stats

 Plays Quiz Updated Sep 9, 2016

Also try: SNL Politicians
Challenge
Share
Tweet
Score 0/15 Timer 03:00
0 Plays Today
% Correct
Danny DeVito
(as Gap manager)
93.9%
Hugh Laurie
(as a wife)
93%
Justin Timberlake
(as Shelby Hastings)
92.4%
Neil Patrick Harris
(as Fran)
92.3%
Taylor Lautner
(as Mariana)
91.5%
Charles Barkley
(as Joann)
91.1%
John Travolta
(as a Streisand impersonator)
91%
Dwayne Johnson
(as Helen Franklin)
90.9%
% Correct
Robert De Niro
(as Blizzard Man’s mother)
90%
Chris Hemsworth
(as Claire|himself)
88.8%
David Duchovny
(as Pauline)
88.2%
Derek Jeter
(as Candice Soriano)
87.8%
Shia LaBeouf
(as Melana)
87.7%
Fred Savage
(as Enid)
84.5%
Michael Bolton
(as Erin Brockovich)
83.7%

You're not logged in!

Compare scores with friends on all Sporcle quizzes.
OR
Log In

You Might Also Like...

Show Comments

Extras

Top Quizzes Today


Score Distribution

Your Account Isn't Verified!

In order to create a playlist on Sporcle, you need to verify the email address you used during registration. Go to your Sporcle Settings to finish the process.

Report this User

Report this user for behavior that violates our Community Guidelines.

Details: